[Event "World Corporate East C"]
[Site "Chess.com INT"]
[Date "2021.02.20"]
[Round "6.5"]
[White "Guerlach, Frederic"]
[Black "Karavaev, Vladimir"]
[Result "0-1"]
[WhiteElo "2055"]
[BlackElo "2443"]
[PlyCount "80"]
[EventDate "2021.02.19"]
[EventType "team (rapid)"]
[EventRounds "7"]
[EventCountry "USA"]
[SourceTitle "EXT 2022"]
[Source "ChessBase"]
[SourceDate "2021.10.06"]
[SourceVersion "1"]
[SourceVersionDate "2021.10.06"]
[SourceQuality "1"]
[WhiteTeam "Societe Generale"]
[BlackTeam "Rosseti Volga"]
[WhiteTeamCountry "FRA"]
[BlackTeamCountry "RUS"]

1. Nf3 Nf6 2. c4 g6 3. Nc3 c5 4. e4 d6 5. d4 cxd4 6. Nxd4 Bg7 7. Be2 Nc6 8. Be3 0-0 9. 0-0 Bd7 10. f3 Rc8 11. Qd2 a6 12. Rfc1 Re8 13. Rab1 Ne5 14. b3 Bc6 15. b4 Bd7 16. c5 dxc5 17. bxc5 Nc6 18. Nb3 Be6 19. Rd1 Qxd2 20. Bxd2 Red8 21. Na4 Nd7 22. Be3 Nde5 23. Rbc1 Nb4 24. Nb6 Nxa2 25. Nxc8 Rxc8 26. Nd4 Nxc1 27. Rxc1 Bd7 28. f4 Nc6 29. Nb3 Be6 30. Nd2 Nd4 31. Bd1 Nb5 32. Nc4 Bd4 33. Bxd4 Nxd4 34. Nb6 Rc7 35. Kf2 Bb3 36. Bg4 f5 37. Bf3 fxe4 38. Bxe4 Ne6 39. g3 Nxc5 40. Nd5 Nxe4+ 0-1

[Event "World Corporate East C"]
[Site "Chess.com INT"]
[Date "2021.02.19"]
[Round "3.3"]
[White "Kunakbaev, Ilnur"]
[Black "Guerlach, Frederic"]
[Result "1-0"]
[WhiteElo "2196"]
[BlackElo "2055"]
[PlyCount "141"]
[EventDate "2021.02.19"]
[EventType "team (rapid)"]
[EventRounds "7"]
[EventCountry "USA"]
[SourceTitle "EXT 2022"]
[Source "ChessBase"]
[SourceDate "2021.10.06"]
[SourceVersion "1"]
[SourceVersionDate "2021.10.06"]
[SourceQuality "1"]
[WhiteTeam "Gazprom"]
[BlackTeam "Societe Generale"]
[WhiteTeamCountry "RUS"]
[BlackTeamCountry "FRA"]

1. d4 d5 2. c4 e6 3. Nc3 c6 4. cxd5 exd5 5. Qc2 Bd6 6. Nf3 Ne7 7. Bg5 f6 8. Bh4 Bf5 9. Qd2 Ng6 10. Bg3 Qe7 11. Bxd6 Qxd6 12. e3 Nd7 13. Bd3 Bxd3 14. Qxd3 Qe6 15. 0-0 0-0 16. Ne2 f5 17. Rfe1 Ne7 18. Nf4 Qf6 19. Qb3 Nb6 20. h4 h6 21. h5 Nec8 22. Ne5 Rd8 23. a4 Nd6 24. Rac1 Rab8 25. Qc2 Rbc8 26. Neg6 Ne4 27. b3 Re8 28. Ne5 Qg5 29. a5 Na8 30. Nf3 Qf6 31. Qd3 Nc7 32. Ne5 Ne6 33. Nxe6 Rxe6 34. Ng6 Qg5 35. Nf4 Ree8 36. a6 b6 37. b4 Nf6 38. Qd1 Qg4 39. Qxg4 Nxg4 40. Rc3 Red8 41. Rec1 Rd6 42. b5 Nf6 43. bxc6 Ne8 44. Nd3 Nc7 45. Ra1 Nb5 46. Rb3 Nc7 47. Ne5 Kf8 48. Kh2 Ke7 49. Kg3 Ne6 50. f3 Nf8 51. Kf4 Kf6 52. Rc1 Ne6+ 53. Kg3 Nf8 54. Rbc3 g6 55. hxg6 Nxg6 56. Nxg6 Kxg6 57. Kf4 Kf6 58. c7 Ke7 59. Ke5 Kd7 60. R1c2 Rg6 61. Kxd5 Rg7 62. e4 fxe4 63. fxe4 h5 64. e5 h4 65. Rc6 Rg4 66. Rh6 Rg7 67. Rd6+ Ke7 68. Kc6 Rgg8 69. d5 Rg5 70. Rd7+ Ke8 71. e6 1-0

[Event "Small Paris-ch"]
[Site "Paris"]
[Date "2015.07.11"]
[Round "6"]
[White "Bucaille, Guy"]
[Black "Guerlach, Frederic"]
[Result "0-1"]
[WhiteElo "2010"]
[BlackElo "2005"]
[PlyCount "64"]
[EventDate "2015.07.06"]
[EventType "swiss"]
[EventRounds "7"]
[EventCountry "FRA"]
[SourceTitle "EXT 2016"]
[Source "ChessBase"]
[SourceDate "2015.10.08"]
[SourceVersion "1"]
[SourceVersionDate "2015.10.08"]
[SourceQuality "1"]

1. c4 d5 2. d4 e6 3. Nf3 c6 4. Nbd2 Nf6 5. g3 Nbd7 6. Bg2 Be7 7. 0-0 0-0 8. Qc2 b6 9. e4 dxe4 10. Nxe4 Bb7 11. Rd1 Re8 12. Ne5 Rc8 13. Nxf7 Qc7 14. Bf4 e5 15. Bxe5 Nxe5 16. Nxe5 c5 17. Ng5 Bxg2 18. Kxg2 cxd4 19. Qf5 Bc5 20. Nd3 h6 21. Nf3 Qc6 22. Re1 Ne4 23. b4 g6 24. Qd5+ Qxd5 25. cxd5 Bf8 26. Nfe5 Nc3 27. Nf4 g5 28. Ne6 Nxd5 29. Nxf8 Rxf8 30. Nd3 Rc2 31. Rec1 Rd2 32. Rd1 Ne3+ 0-1

[Event "Small Paris-ch"]
[Site "Paris"]
[Date "2015.07.09"]
[Round "4"]
[White "Guerlach, Frederic"]
[Black "Arda, Cagil Irmak"]
[Result "1-0"]
[WhiteElo "2005"]
[BlackElo "1871"]
[PlyCount "94"]
[EventDate "2015.07.06"]
[EventType "swiss"]
[EventRounds "7"]
[EventCountry "FRA"]
[SourceTitle "EXT 2016"]
[Source "ChessBase"]
[SourceDate "2015.10.08"]
[SourceVersion "1"]
[SourceVersionDate "2015.10.08"]
[SourceQuality "1"]

1. Nf3 Nf6 2. c4 e6 3. g3 b6 4. Bg2 Bb7 5. 0-0 c5 6. Nc3 Be7 7. Re1 0-0 8. e4 d6 9. d4 cxd4 10. Nxd4 Qc8 11. b3 d5 12. exd5 Bb4 13. Bb2 exd5 14. Qf3 Ne4 15. Nf5 f6 16. a3 Bc5 17. Nxe4 dxe4 18. Qg4 g6 19. Nh6+ Kg7 20. Qxc8 Rxc8 21. Ng4 Rf8 22. Bxe4 Bxe4 23. Rxe4 Nc6 24. b4 Bd6 25. Rd1 Rad8 26. Re6 Be5 27. Rxd8 Nxd8 28. Re7+ Rf7 29. Bxe5 Rxe7 30. Bxf6+ Kf7 31. Bxe7 Kxe7 32. Ne5 Ke6 33. f4 Kf5 34. Kf2 Ke4 35. Ke2 g5 36. c5 bxc5 37. bxc5 gxf4 38. gxf4 Ne6 39. Nd3 Nd4+ 40. Kd2 Nf3+ 41. Kc3 Kd5 42. f5 Ng5 43. Kb4 Ne4 44. Kb5 Kd4 45. c6 Nd6+ 46. Ka6 Kxd3 47. f6 Kd4 1-0

[Event "Small Paris-ch"]
[Site "Paris"]
[Date "2015.07.08"]
[Round "3"]
[White "Sauvetre, Alain"]
[Black "Guerlach, Frederic"]
[Result "1-0"]
[WhiteElo "1847"]
[BlackElo "2005"]
[PlyCount "123"]
[EventDate "2015.07.06"]
[EventType "swiss"]
[EventRounds "7"]
[EventCountry "FRA"]
[SourceTitle "EXT 2016"]
[Source "ChessBase"]
[SourceDate "2015.10.08"]
[SourceVersion "1"]
[SourceVersionDate "2015.10.08"]
[SourceQuality "1"]

1. e4 e5 2. Nf3 Nc6 3. d4 exd4 4. Nxd4 Nf6 5. Nxc6 bxc6 6. Bd3 d5 7. exd5 cxd5 8. 0-0 Be7 9. c4 d4 10. Bg5 0-0 11. Qc2 h6 12. Bh4 Nh5 13. Bg3 Nxg3 14. hxg3 f5 15. Nd2 c5 16. Nf3 Bd6 17. Nh4 Qg5 18. Rae1 Bd7 19. Nf3 Qf6 20. Re2 Rae8 21. Rfe1 Rxe2 22. Rxe2 g5 23. Qd2 Re8 24. Rxe8+ Bxe8 25. Qc2 f4 26. gxf4 g4 27. Qe2 Bd7 28. Nd2 Bxf4 29. Nf1 Qe6 30. Qxe6+ Bxe6 31. b3 Kg7 32. g3 Bc1 33. Kg2 Kf6 34. f3 Bf5 35. Bxf5 Kxf5 36. Kf2 h5 37. fxg4+ Kxg4 38. Nh2+ Kh3 39. Nf1 Kg4 40. Nh2+ Kf5 41. Kf3 Ke5 42. Nf1 d3 43. Ne3 Bxe3 44. Kxe3 Kf5 45. Kxd3 Ke5 46. Ke3 a5 47. a3 Kf5 48. Kf3 Kg5 49. Ke3 Kg4 50. Kf2 Kf5 51. Kf3 Ke5 52. Ke3 Kf5 53. b4 cxb4 54. axb4 axb4 55. Kd4 Kg4 56. c5 Kxg3 57. c6 b3 58. Kc3 b2 59. Kxb2 h4 60. c7 h3 61. c8Q Kg2 62. Qg4+ 1-0

[Event "Syre Memorial op 36th"]
[Site "Issy les Moulineaux"]
[Date "2013.05.09"]
[Round "3"]
[White "Guerlach, Frederic"]
[Black "Marin, Emmanuel"]
[Result "1-0"]
[WhiteElo "2031"]
[BlackElo "1843"]
[PlyCount "25"]
[EventDate "2013.05.08"]
[EventType "swiss"]
[EventRounds "7"]
[EventCountry "FRA"]
[SourceTitle "EXT 2015"]
[Source "ChessBase"]
[SourceDate "2014.11.20"]
[SourceVersion "1"]
[SourceVersionDate "2014.11.20"]
[SourceQuality "1"]

1. Nf3 Nf6 2. c4 b6 3. g3 Bb7 4. Bg2 e5 5. Nc3 Bb4 6. d3 0-0 7. 0-0 Bxc3 8. bxc3 d6 9. e4 Nbd7 10. Nh4 h6 11. Nf5 Nh7 12. Qg4 g5 13. Nxh6+ 1-0

[Event "Syre Memorial op 36th"]
[Site "Issy les Moulineaux"]
[Date "2013.05.08"]
[Round "1"]
[White "Guerlach, Frederic"]
[Black "Nguyen, Chi Minh"]
[Result "0-1"]
[WhiteElo "2031"]
[BlackElo "2365"]
[PlyCount "104"]
[EventDate "2013.05.08"]
[EventType "swiss"]
[EventRounds "7"]
[EventCountry "FRA"]
[SourceTitle "EXT 2015"]
[Source "ChessBase"]
[SourceDate "2014.11.20"]
[SourceVersion "1"]
[SourceVersionDate "2014.11.20"]
[SourceQuality "1"]

1. Nf3 b6 2. g3 Bb7 3. Bg2 g6 4. 0-0 Bg7 5. d3 c5 6. Nbd2 Nc6 7. e4 d6 8. c3 e6 9. Re1 Nge7 10. Nf1 d5 11. e5 Qd7 12. Rb1 a5 13. Bf4 b5 14. a4 b4 15. c4 h6 16. h4 Nf5 17. Rc1 dxc4 18. Rxc4 0-0 19. Rxc5 Rfd8 20. g4 Nfd4 21. N3d2 Ne7 22. Bxb7 Qxb7 23. Ne4 Nd5 24. Bg3 b3 25. Nfd2 Nb4 26. Nc4 Nbc2 27. Rf1 Qb4 28. Kg2 Rac8 29. Rxc8 Rxc8 30. Qd2 Qxa4 31. Qxa5 Qxa5 32. Nxa5 Nb4 33. Rd1 Rc2 34. Rd2 Rc1 35. Nc4 Ndc2 36. f3 Bf8 37. Ned6 Nc6 38. f4 N6b4 39. f5 Nd4 40. fxe6 fxe6 41. Bf2 Ndc6 42. Bc5 Nd5 43. Ba3 Rc2 44. Ne4 Bxa3 45. Nxa3 Nxe5 46. Kg3 Rc1 47. g5 Rg1+ 48. Kf2 Rg4 49. Nc5 Rxh4 50. Nxb3 hxg5 51. d4 Rf4+ 52. Kg2 Ne3+ 0-1

[Event "Paris-ch op-B 87th"]
[Site "Paris"]
[Date "2012.07.12"]
[Round "6"]
[White "Lambert, Romain"]
[Black "Guerlach, Frederic"]
[Result "1-0"]
[WhiteElo "2138"]
[BlackElo "2038"]
[PlyCount "37"]
[EventDate "2012.07.07"]
[EventType "swiss"]
[EventRounds "9"]
[EventCountry "FRA"]
[SourceTitle "EXT 2013"]
[Source "ChessBase"]
[SourceDate "2012.11.22"]
[SourceVersion "1"]
[SourceVersionDate "2012.11.22"]
[SourceQuality "1"]

1. d4 d5 2. c4 dxc4 3. Nf3 a6 4. a4 Nc6 5. e3 Na5 6. Nbd2 b5 7. axb5 axb5 8. b4 cxb3 9. Bxb5+ Bd7 10. Bxd7+ Qxd7 11. Ne5 Qd5 12. Nxb3 e6 13. 0-0 Bb4 14. Nxa5 Rxa5 15. Rxa5 Qxa5 16. Qf3 Nf6 17. Nc6 Qb5 18. Nxb4 0-0 19. Nc6 1-0

[Event "Paris-ch op-B 87th"]
[Site "Paris"]
[Date "2012.07.08"]
[Round "2"]
[White "Murchadha, Oissine"]
[Black "Guerlach, Frederic"]
[Result "0-1"]
[WhiteElo "1857"]
[BlackElo "2038"]
[PlyCount "112"]
[EventDate "2012.07.07"]
[EventType "swiss"]
[EventRounds "9"]
[EventCountry "FRA"]
[SourceTitle "EXT 2013"]
[Source "ChessBase"]
[SourceDate "2012.11.22"]
[SourceVersion "1"]
[SourceVersionDate "2012.11.22"]
[SourceQuality "1"]

1. e4 e5 2. Nf3 Nc6 3. Bb5 a6 4. Ba4 d6 5. 0-0 Bd7 6. c3 Nf6 7. Re1 g6 8. h3 Bg7 9. d4 b5 10. Bc2 0-0 11. a4 Rb8 12. Nbd2 Nh5 13. dxe5 Nxe5 14. Nxe5 dxe5 15. Nf3 Qe7 16. axb5 axb5 17. Bg5 f6 18. Bb3+ Kh8 19. Be3 Be6 20. Bxe6 Qxe6 21. b4 Rfd8 22. Qc2 Bf8 23. Nd2 Qc6 24. Ra2 Ra8 25. Rea1 Rxa2 26. Rxa2 Ng7 27. Nb3 Ne6 28. f3 h5 29. Na5 Qd7 30. Nb3 Kh7 31. Qe2 Qd3 32. Qxd3 Rxd3 33. Bd2 Bxb4 34. Nc1 Bc5+ 35. Kf1 Rd7 36. Nb3 Bb6 37. g3 f5 38. exf5 gxf5 39. Ke2 e4 40. g4 fxg4 41. hxg4 exf3+ 42. Kxf3 h4 43. Be1 Rd3+ 44. Ke4 Re3+ 45. Kf5 Rxe1 46. Rh2 Ng7+ 47. Kf6 Re6+ 48. Kf7 Rh6 49. g5 Rh5 50. Nd2 Be3 51. g6+ Kh6 52. Ne4 Bf4 53. Rh1 Rf5+ 54. Kg8 Kxg6 55. Rxh4 Ne6 56. Rg4+ Bg5 0-1

[Event "Cap d'Agde CCAS op"]
[Site "Cap d'Agde"]
[Date "2010.10.31"]
[Round "6"]
[White "Marty, Brice"]
[Black "Guerlach, Frederic"]
[Result "0-1"]
[WhiteElo "1935"]
[BlackElo "2042"]
[PlyCount "82"]
[EventDate "2010.10.23"]
[EventType "swiss"]
[EventRounds "7"]
[EventCountry "FRA"]
[SourceTitle "EXT 2012"]
[Source "ChessBase"]
[SourceDate "2011.11.24"]
[SourceVersion "1"]
[SourceVersionDate "2011.11.24"]
[SourceQuality "1"]

1. d4 d5 2. c4 e6 3. Nc3 c6 4. Nf3 dxc4 5. e4 b5 6. a4 Bb4 7. Bd2 a5 8. e5 Ne7 9. Ne4 Qd5 10. Nfg5 0-0 11. Bxb4 axb4 12. Qh5 h6 13. Be2 Nf5 14. Bf3 Qxd4 15. Rd1 g6 16. Nf6+ Kg7 17. Rxd4 gxh5 18. Nxh5+ Kg6 19. Nf4+ Kg7 20. Nh5+ Kh8 21. Rd8 Rxd8 22. Nxf7+ Kg8 23. Nxd8 Rxa4 24. Nf6+ Kf8 25. 0-0 Nd4 26. Bh5 Ra7 27. f4 c3 28. bxc3 bxc3 29. g4 c2 30. g5 hxg5 31. fxg5 Nf5 32. Rc1 b4 33. Rxc2 b3 34. Rd2 Ra1+ 35. Kf2 Ra2 36. Ke1 b2 37. Nxe6+ Ke7 38. Rxb2 Rxb2 39. Nf4 Rxh2 40. Bg4 Be6 41. Bf3 c5 0-1

[Event "Paris-ch op-A"]
[Site "Paris"]
[Date "2010.07.09"]
[Round "7"]
[White "Contois, Frederick Andre"]
[Black "Guerlach, Frederic"]
[Result "0-1"]
[WhiteElo "1931"]
[BlackElo "2035"]
[PlyCount "70"]
[EventDate "2010.07.03"]
[EventType "swiss"]
[EventRounds "9"]
[EventCountry "FRA"]
[SourceTitle "CBM 137 Extra"]
[Source "ChessBase"]
[SourceDate "2010.09.01"]
[SourceVersion "1"]
[SourceVersionDate "2010.09.01"]
[SourceQuality "1"]

1. e4 e5 2. Nf3 Nc6 3. d4 exd4 4. Nxd4 Nf6 5. Nxc6 bxc6 6. Bd3 d5 7. Nd2 Bd6 8. h3 0-0 9. 0-0 Re8 10. Qf3 Qe7 11. exd5 Qe5 12. Qg3 Qh5 13. f4 cxd5 14. Nf3 Bc5+ 15. Kh2 Bf5 16. Bxf5 Qxf5 17. Ne1 Re2 18. Qd3 Qh5 19. Nf3 Rae8 20. Ne5 Bd6 21. Nf3 Ng4+ 22. Kg3 Nh6 23. Nd4 R2e4 24. Kh2 Ng4+ 25. Kg1 Nf6 26. Bd2 c5 27. Nb5 c4 28. Qf3 Bc5+ 29. Kh1 Qxf3 30. Rxf3 Re2 31. Rd1 Ne4 32. Bc3 Nf2+ 33. Rxf2 Bxf2 34. Rxd5 Bg3 35. Be5 Re1# 0-1

[Event "Paris-ch op-A"]
[Site "Paris"]
[Date "2010.07.07"]
[Round "5"]
[White "Willockx, Ritsaart"]
[Black "Guerlach, Frederic"]
[Result "1-0"]
[WhiteElo "1946"]
[BlackElo "2035"]
[PlyCount "125"]
[EventDate "2010.07.03"]
[EventType "swiss"]
[EventRounds "9"]
[EventCountry "FRA"]
[SourceTitle "CBM 137 Extra"]
[Source "ChessBase"]
[SourceDate "2010.09.01"]
[SourceVersion "1"]
[SourceVersionDate "2010.09.01"]
[SourceQuality "1"]

1. d4 d5 2. Bf4 e6 3. e3 Bd6 4. c3 Nf6 5. Bd3 c6 6. Nd2 Qc7 7. Bxd6 Qxd6 8. f4 b6 9. Qe2 a5 10. Ngf3 Ba6 11. 0-0 Bxd3 12. Qxd3 Nfd7 13. f5 0-0 14. fxe6 Qxe6 15. e4 f6 16. Rae1 Na6 17. exd5 Qxd5 18. Re7 Rf7 19. Rxf7 Qxf7 20. Ng5 Qd5 21. Qxh7+ Kf8 22. Qh8+ Qg8 23. Qh3 Qd5 24. Ne6+ Kg8 25. Nf4 Qf7 26. Ne4 Nf8 27. Nh5 Nh7 28. Qh4 Rf8 29. b3 Nc7 30. Nd6 Qd7 31. Nf5 Ne6 32. Qg4 Kh8 33. Nfxg7 Rg8 34. Qxe6 Rxg7 35. Qxd7 Rxd7 36. Nxf6 Rd6 37. Nxh7 Kxh7 38. h3 Kg6 39. g4 c5 40. dxc5 bxc5 41. Rf5 Rd2 42. Rxc5 Rxa2 43. Kf1 Kf6 44. Ke1 Ke6 45. Kd1 Kd6 46. Rb5 Kc6 47. c4 a4 48. bxa4 Rxa4 49. Rh5 Rxc4 50. Ke2 Rc3 51. Kf2 Kd6 52. Kg2 Ke6 53. Rf5 Ra3 54. h4 Rb3 55. h5 Ra3 56. Rf3 Ra5 57. Kg3 Rb5 58. Kh4 Ra5 59. h6 Ra7 60. Kh5 Rb7 61. Kg6 Rb8 62. h7 Ra8 63. Kg7 1-0

[Event "FRA-chT2 0910"]
[Site "France"]
[Date "2009.12.13"]
[Round "6.5"]
[White "Guerlach, Frederic"]
[Black "Martinez, Jean Philippe"]
[Result "1/2-1/2"]
[WhiteElo "2067"]
[BlackElo "2084"]
[PlyCount "165"]
[EventDate "2009.09.27"]
[EventType "team-tourn"]
[EventRounds "11"]
[EventCountry "FRA"]
[SourceTitle "EXT 2011"]
[Source "ChessBase"]
[SourceDate "2010.11.26"]
[SourceVersion "1"]
[SourceVersionDate "2010.11.26"]
[SourceQuality "1"]

1. Nf3 d5 2. c4 c6 3. e3 e6 4. Nc3 Bd6 5. b3 Nf6 6. Bb2 0-0 7. Be2 Nbd7 8. Qc2 Re8 9. g4 Nxg4 10. Rg1 Ngf6 11. Ng5 Nf8 12. f4 Qe7 13. 0-0-0 Ba3 14. Rg2 Bxb2+ 15. Qxb2 dxc4 16. Rdg1 g6 17. Bxc4 b5 18. Bd3 Bb7 19. f5 exf5 20. Bxf5 Qc5 21. Bc2 Qe5 22. Qb1 c5 23. Rf2 b4 24. Nd1 Rac8 25. Nb2 Ba6 26. Bd3 Bxd3 27. Nxd3 Qe7 28. Nb2 N8d7 29. Nc4 Ne5 30. Nxe5 Qxe5 31. Qb2 Qxb2+ 32. Kxb2 Kg7 33. Rc1 h6 34. Nf3 Ne4 35. Rff1 Rcd8 36. Rc2 Rd5 37. Kc1 f5 38. Kd1 a5 39. Rc4 a4 40. Ke2 axb3 41. axb3 Red8 42. d4 Nc3+ 43. Kf2 Ne4+ 44. Ke2 Ra8 45. Rfc1 Ra2+ 46. R1c2 Rxc2+ 47. Rxc2 Nc3+ 48. Kd3 cxd4 49. exd4 g5 50. Ne5 Rd8 51. Nc6 Re8 52. Nxb4 Ne4 53. Nd5 f4 54. Re2 Nd6 55. Rxe8 Nxe8 56. b4 Nd6 57. Nc3 Kf7 58. d5 Ke7 59. Ke2 Nc4 60. Ne4 Nb6 61. d6+ Ke6 62. Kf3 Nc4 63. h3 Nxd6 64. Nc3 Kf5 65. b5 h5 66. b6 g4+ 67. hxg4+ hxg4+ 68. Kf2 Ke5 69. Ne2 Nb7 70. Nc3 Kf5 71. Ne2 Nc5 72. Nd4+ Ke4 73. Ne6 Nb7 74. Nc7 Kf5 75. Nd5 Kg5 76. Nc3 Kh4 77. Nd5 f3 78. Ne3 Nc5 79. Nf5+ Kh3 80. Ng3 Kh2 81. Nf1+ Kh3 82. Ng3 Kh4 83. Nf5+ 1/2-1/2

[Event "FRA-chT2 0910"]
[Site "France"]
[Date "2009.10.18"]
[Round "3.7"]
[White "Guerlach, Frederic"]
[Black "Ernouf, Anthony"]
[Result "0-1"]
[WhiteElo "2078"]
[BlackElo "1882"]
[PlyCount "78"]
[EventDate "2009.09.27"]
[EventType "team-tourn"]
[EventRounds "11"]
[EventCountry "FRA"]
[SourceTitle "EXT 2011"]
[Source "ChessBase"]
[SourceDate "2010.11.26"]
[SourceVersion "1"]
[SourceVersionDate "2010.11.26"]
[SourceQuality "1"]

1. Nf3 Nf6 2. c4 g6 3. d4 Bg7 4. Nc3 d6 5. e4 0-0 6. h3 e5 7. d5 Nbd7 8. Bg5 h6 9. Be3 Re8 10. g4 Nf8 11. Rg1 g5 12. c5 c6 13. dxc6 d5 14. Bb5 d4 15. cxb7 Bxb7 16. c6 Bc8 17. c7 Qe7 18. Bxe8 Qxe8 19. Bd2 dxc3 20. Bxc3 Nxe4 21. Qd5 Nxc3 22. Qxa8 e4 23. Nd2 e3 24. bxc3 Bxc3 25. 0-0-0 exd2+ 26. Rxd2 Bxd2+ 27. Kxd2 Qd7+ 28. Ke3 Qxc7 29. Qd5 Qf4+ 30. Ke2 Ba6+ 31. Ke1 Ne6 32. Rg3 Nd4 33. Rc3 Kg7 34. a3 Qf6 35. Qe4 Ne6 36. Qe3 Nf4 37. Qc5 Nd3+ 38. Rxd3 Bxd3 39. Qxa7 Qc3+ 0-1

[Event "Paris-ch op-A"]
[Site "Paris"]
[Date "2008.07.02"]
[Round "5"]
[White "Guerlach, Frederic"]
[Black "Rabineau, Clement"]
[Result "0-1"]
[WhiteElo "2099"]
[BlackElo "2241"]
[PlyCount "116"]
[EventDate "2008.06.28"]
[EventType "swiss"]
[EventRounds "9"]
[EventCountry "FRA"]
[SourceTitle "CBM 125 Extra"]
[Source "ChessBase"]
[SourceDate "2008.09.01"]
[SourceVersion "1"]
[SourceVersionDate "2008.09.01"]
[SourceQuality "1"]

1. Nf3 d6 2. d4 g6 3. e4 Nf6 4. Nc3 Bg7 5. h3 0-0 6. Bd3 c5 7. dxc5 dxc5 8. 0-0 Nc6 9. Bg5 Be6 10. Re1 Nd7 11. Qd2 Nde5 12. Nxe5 Nxe5 13. Be2 Qxd2 14. Bxd2 Bc4 15. Nd5 Rfd8 16. Ba5 b6 17. Bc3 Bxe2 18. Rxe2 e6 19. Ne3 Nc6 20. Bxg7 Kxg7 21. c3 Rd7 22. Rd1 Rxd1+ 23. Nxd1 Rd8 24. Ne3 Ne5 25. Kf1 g5 26. Rc2 h5 27. Ke2 h4 28. Rd2 Rxd2+ 29. Kxd2 Kf6 30. b3 b5 31. a4 bxa4 32. bxa4 Ke7 33. Kc2 Kd6 34. Kb3 Nd3 35. Nc4+ Ke7 36. f3 Nf4 37. Ne3 Kd6 38. Kc4 Kc6 39. Ng4 Kb6 40. Ne5 f5 41. Nd7+ Kc6 42. Nxc5 Kd6 43. Nb3 fxe4 44. fxe4 Nxg2 45. Nd4 g4 46. hxg4 h3 47. Nf3 Ne3+ 48. Kb5 Nxg4 49. Ka6 h2 50. Nxh2 Nxh2 51. Kxa7 Kc7 52. Ka6 Kc6 53. Ka5 Ng4 54. Kb4 Nf6 55. a5 Nxe4 56. a6 Kb6 57. Kc4 Nd6+ 58. Kd4 Nf7 0-1

[Event "Evry op 2nd"]
[Site "Evry"]
[Date "2006.11.03"]
[Round "4"]
[White "Boileau, Mickael"]
[Black "Guerlach, Frederic"]
[Result "0-1"]
[WhiteElo "1820"]
[BlackElo "1960"]
[PlyCount "50"]
[EventDate "2006.11.01"]
[EventType "swiss"]
[EventRounds "7"]
[EventCountry "FRA"]
[SourceTitle "EXT 2007"]
[Source "ChessBase"]
[SourceDate "2006.11.23"]
[SourceVersion "1"]
[SourceVersionDate "2006.11.23"]
[SourceQuality "1"]

1. d4 g6 2. c4 Bg7 3. Nc3 d6 4. e4 e5 5. d5 f5 6. Bd3 Nf6 7. Bg5 0-0 8. h4 h6 9. Bxf6 Qxf6 10. Qc2 a5 11. 0-0-0 Na6 12. f3 Nc5 13. exf5 gxf5 14. Re1 a4 15. Nge2 Bd7 16. Reg1 h5 17. Qd1 a3 18. b3 Qh6+ 19. Kb1 Qe3 20. Bc2 e4 21. fxe4 fxe4 22. Qc1 Qxc1+ 23. Rxc1 Nd3 24. Rcf1 Nf2 25. Rhg1 Bg4 0-1

[Event "Evry op 2nd"]
[Site "Evry"]
[Date "2006.11.02"]
[Round "3"]
[White "Guerlach, Frederic"]
[Black "Lavabre, Fabien"]
[Result "0-1"]
[WhiteElo "1960"]
[BlackElo "2157"]
[PlyCount "68"]
[EventDate "2006.11.01"]
[EventType "swiss"]
[EventRounds "7"]
[EventCountry "FRA"]
[SourceTitle "EXT 2007"]
[Source "ChessBase"]
[SourceDate "2006.11.23"]
[SourceVersion "1"]
[SourceVersionDate "2006.11.23"]
[SourceQuality "1"]

1. Nf3 Nf6 2. c4 e6 3. g3 c5 4. Bg2 d5 5. cxd5 exd5 6. d4 Nc6 7. Nc3 Be6 8. 0-0 c4 9. Bg5 Bb4 10. Ne5 Bxc3 11. bxc3 0-0 12. Nxc6 bxc6 13. Qa4 Qd7 14. Bxf6 gxf6 15. Rfb1 Rfe8 16. Rb2 Bf5 17. Rd1 Rab8 18. Rdd2 Rb5 19. Rb4 Reb8 20. Rdb2 R8b6 21. Rxb5 cxb5 22. Qa5 Qb7 23. h4 Kg7 24. Kh2 a6 25. a3 Be6 26. Kg1 Rd6 27. Kf1 Qd7 28. Ke1 Bh3 29. Bf3 Bg4 30. Bg2 Qf5 31. Qc7 Re6 32. Bf1 Qd3 33. Qa5 Qf3 34. Qb4 Qh1 0-1

[Event "Evry op 2nd"]
[Site "Evry"]
[Date "2006.11.01"]
[Round "2"]
[White "Roblette, Yves"]
[Black "Guerlach, Frederic"]
[Result "0-1"]
[WhiteElo "1780"]
[BlackElo "1960"]
[PlyCount "62"]
[EventDate "2006.11.01"]
[EventType "swiss"]
[EventRounds "7"]
[EventCountry "FRA"]
[SourceTitle "EXT 2007"]
[Source "ChessBase"]
[SourceDate "2006.11.23"]
[SourceVersion "1"]
[SourceVersionDate "2006.11.23"]
[SourceQuality "1"]

1. d4 g6 2. c4 Bg7 3. Nc3 d6 4. e4 e5 5. d5 f5 6. Bd3 Ne7 7. Nf3 0-0 8. 0-0 h6 9. Re1 Nd7 10. b4 a5 11. bxa5 Rxa5 12. Bd2 Nc5 13. Bc2 b6 14. Nb5 Ra8 15. a4 fxe4 16. Bxe4 Bf5 17. Bxf5 Nxf5 18. Ra3 e4 19. Bxh6 Bxh6 20. Nfd4 Nxd4 21. Nxd4 Qf6 22. Rf1 Nd3 23. Ne6 Rfb8 24. Qe2 Qb2 25. Qxb2 Nxb2 26. Rg3 Rxa4 27. Rxg6+ Kh7 28. Rg4 e3 29. Ng5+ Bxg5 30. Rxg5 exf2+ 31. Rxf2 Ra1+ 0-1